Самые нетолерантные страны мира по отношению к ЛГБТ - Statistics

General Stats
  • This quiz has been taken 21 times
  • The average score is 32 of 74
Answer Stats
Hint Answer % Correct
Африка Египет
95%
Африка Марокко
80%
Африка Алжир
80%
Африка Ливия
80%
Африка Чад
80%
Азия Иран
80%
Азия Сирия
80%
Азия Индия
75%
Азия Афганистан
75%
Африка Нигерия
70%
Африка Судан
70%
Азия Пакистан
70%
Азия Саудовская Аравия
70%
Азия Ливан
65%
Азия Катар
65%
Азия Туркменистан
65%
Африка Гана
60%
Африка Мавритания
60%
Африка Южный Судан
60%
Азия Узбекистан
60%
Азия Оман
60%
Африка Тунис
55%
Африка Гвинея
55%
Азия Объединенные Арабские Эмираты
55%
Азия Йемен
55%
Африка Кения
50%
Африка Эфиопия
50%
Африка Уганда
50%
Африка Сомали
50%
Африка Ангола
45%
Африка Сенегал
45%
Африка Бурунди
45%
Африка Ботсвана
45%
Азия Бангладеш
45%
Африка Зимбабве
40%
Африка Эритрея
40%
Африка Танзания
40%
Африка Замбия
40%
Африка Сьерра-Леоне
40%
Азия Бруней
40%
Азия Бутан
40%
Океания Тувалу
40%
Африка Камерун
35%
Африка Намибия
35%
Африка Того
35%
Азия Кувейт
35%
Океания Кирибати
35%
Океания Соломоновы Острова
35%
Африка Либерия
30%
Африка Гамбия
30%
Азия Малайзия
30%
Азия Мьянма
30%
Океания Папуа-Новая Гвинея
30%
Океания Тонга
30%
Африка Маврикий
25%
Африка Малави
25%
Азия Сингапур
25%
Азия Шри-Ланка
25%
Северная и ЮжнаяАмерика Ямайка
25%
Северная и Южная Америка Барбадос
25%
Океания Самоа
25%
Африка Эсватини
20%
Африка Коморы
20%
Азия Палестина
20%
Северная и Южная Америка Гайана
20%
Северная и Южная Америка Доминиканская Республика
20%
Азия Мальдивы
15%
Северная и Южная Америка Гренада
15%
Северная и Южная Америка Тринидад и Тобаго
10%
Северная и Южная Америка Сент-Люсия
10%
Северная и Южная Америка Сент-Винсент и Гренадины
10%
Африка Западная Сахара
5%
Северная и Южная Америка Сент-Китс и Невис
5%
Северная и Южная Америка Антигуа и Барбуда
0%
No matching quizzes found
Score Distribution
Percent of People with Each Score
Percentile by Number Answered
Your Score History
You have not taken this quiz